El problema de la interacción genético-ambiental en genotecnia vegetal (Record no. 60061)
[ view plain ]
| 000 -CABECERA | |
|---|---|
| campo de control de longitud fija | 01770cam a22004217a 4500 |
| 003 - IDENTIFICADOR DEL NÚMERO DE CONTROL | |
| campo de control | CHAP |
| 005 - FECHA Y HORA DE LA ÚLTIMA TRANSACCIÓN | |
| campo de control | 20220817042927.0 |
| 008 - DATOS DE LONGITUD FIJA--INFORMACIÓN GENERAL | |
| campo de control de longitud fija | 971013s1974 r 00010 d |
| 010 ## - NÚMERO DE CONTROL DE LA BIBLIOTECA DEL CONGRESO | |
| Número de control de LC | 60061 |
| 011 ## - ENLACE DEL NUMERO DE CONTROL DE LA BIBLIOTECA DEL CONGRESO [OBSOLETO] | |
| Número de control de LC | 61033 |
| 035 ## - NÚMERO DE CONTROL DEL SISTEMA | |
| Número de control de sistema | 65197 |
| 040 ## - FUENTE DE LA CATALOGACIÓN | |
| Centro/agencia transcriptor | CHAP |
| 082 ## - NÚMERO DE LA CLASIFICACIÓN DECIMAL DEWEY | |
| Número de clasificación | 631.522 |
| Número de documento/Ítem | M3 |
| 100 00 - ENTRADA PRINCIPAL--NOMBRE DE PERSONA | |
| Nombre de persona | Márquez Sánchez, Fidel. |
| 9 (RLIN) | 76354 |
| 245 13 - MENCIÓN DE TÍTULO | |
| Título | El problema de la interacción genético-ambiental en genotecnia vegetal |
| 260 ## - PUBLICACIÓN, DISTRIBUCIÓN, ETC. | |
| Lugar de publicación, distribución, etc. | Chapingo, Méx., : |
| Nombre del editor, distribuidor, etc. | PATENA, |
| Fecha de publicación, distribución, etc. | 1974 |
| 300 ## - DESCRIPCIÓN FÍSICA | |
| Extensión | 113 p. |
| 590 ## - NOTA LOCAL (RLIN) | |
| Nota local | BATCH-UPD |
| Procedencia (VM) [OBSOLETO] | 10 |
| Condición del los carretes individuales (VM) [OBSOLETO] | 20130110 |
| -- | UCH01 |
| -- | 0924 |
| 590 ## - NOTA LOCAL (RLIN) | |
| Nota local | BATCH-UPD |
| Procedencia (VM) [OBSOLETO] | 10 |
| Condición del los carretes individuales (VM) [OBSOLETO] | 20130410 |
| -- | UCH01 |
| -- | 0546 |
| 590 ## - NOTA LOCAL (RLIN) | |
| Nota local | BATCH-UPD |
| Procedencia (VM) [OBSOLETO] | 10 |
| Condición del los carretes individuales (VM) [OBSOLETO] | 20130914 |
| -- | UCH01 |
| -- | 1251 |
| 590 ## - NOTA LOCAL (RLIN) | |
| Nota local | CONVERSION |
| Procedencia (VM) [OBSOLETO] | 10 |
| Condición del los carretes individuales (VM) [OBSOLETO] | 20130109 |
| -- | UCH01 |
| -- | 1332 |
| 650 14 - PUNTO DE ACCESO ADICIONAL DE MATERIA--TÉRMINO DE MATERIA | |
| Término de materia o nombre geográfico como elemento de entrada | Ecología vegetal. |
| 9 (RLIN) | 35188 |
| 650 14 - PUNTO DE ACCESO ADICIONAL DE MATERIA--TÉRMINO DE MATERIA | |
| Término de materia o nombre geográfico como elemento de entrada | Genética vegetal. |
| 650 14 - PUNTO DE ACCESO ADICIONAL DE MATERIA--TÉRMINO DE MATERIA | |
| Término de materia o nombre geográfico como elemento de entrada | Plantas |
| Subdivisión general | Mejoramiento. |
| 9 (RLIN) | 88849 |
| 901 ## - ELEMENTOS DE DATOS A LOCAL LDA (RLIN) | |
| a | BK |
| 942 ## - ELEMENTOS DE PUNTO DE ACCESO ADICIONAL (KOHA) | |
| Tipo de ítem Koha | Libro |
| 949 ## - PROCESAMIENTO DE INFORMACIÓN LOCAL (OCLC) | |
| a | 631.522 M3 |
| b | BC |
| c | LIBRO |
| d | 33724000087649 |
| e | LIBRO |
| h | 34331 |
| i | 65197 |
| s | i |
| 949 ## - PROCESAMIENTO DE INFORMACIÓN LOCAL (OCLC) | |
| a | 631.522 M3 |
| b | BC |
| c | LIBRO |
| d | 33724000087656 |
| e | LIBRO |
| f | c.2 |
| h | 34332 |
| i | 65197 |
| s | i |
| 949 ## - PROCESAMIENTO DE INFORMACIÓN LOCAL (OCLC) | |
| a | 631.522 M3 |
| b | BC |
| c | LIBRO |
| d | 33724000087664 |
| e | LIBRO |
| f | c.3 |
| h | 34333 |
| i | 65197 |
| s | i |
| 949 ## - PROCESAMIENTO DE INFORMACIÓN LOCAL (OCLC) | |
| a | 631.522 M3 |
| b | BC |
| c | LIBRO |
| d | 33724000087672 |
| e | LIBRO |
| f | c.5 |
| h | 34335 |
| i | 65197 |
| s | i |
| 949 ## - PROCESAMIENTO DE INFORMACIÓN LOCAL (OCLC) | |
| a | 631.522 M3 |
| b | BC |
| c | LIBRO |
| d | 33724000087680 |
| e | LIBRO |
| f | c.6 |
| h | 34336 |
| i | 65197 |
| s | i |
| 949 ## - PROCESAMIENTO DE INFORMACIÓN LOCAL (OCLC) | |
| a | 631.522 M3 |
| b | BC |
| c | LIBRO |
| d | 33724000087698 |
| e | LIBRO |
| f | c.10 |
| h | 34340 |
| i | 65197 |
| s | i |
| 949 ## - PROCESAMIENTO DE INFORMACIÓN LOCAL (OCLC) | |
| a | 631.522 M3 |
| b | BC |
| c | LIBRO |
| d | 33724000087706 |
| e | LIBRO |
| f | c.11 |
| h | 44180 |
| i | 65197 |
| s | i |
| 949 ## - PROCESAMIENTO DE INFORMACIÓN LOCAL (OCLC) | |
| a | 631.522 M3 |
| b | BC |
| c | LIBRO |
| d | 33724000087714 |
| e | LIBRO |
| f | c.12 |
| h | 44181 |
| i | 65197 |
| s | i |
| 949 ## - PROCESAMIENTO DE INFORMACIÓN LOCAL (OCLC) | |
| a | 631.522 M3 |
| b | BC |
| c | LIBRO |
| d | 33724000087722 |
| e | LIBRO |
| f | c.15 |
| h | 44184 |
| i | 65197 |
| s | i |
| 949 ## - PROCESAMIENTO DE INFORMACIÓN LOCAL (OCLC) | |
| a | 631.522 M3 |
| b | BC |
| c | LIBRO |
| d | 33724000087847 |
| e | LIBRO |
| f | c.16 |
| h | 82103 |
| i | 65197 |
| s | i |
| 949 ## - PROCESAMIENTO DE INFORMACIÓN LOCAL (OCLC) | |
| a | 631.522 M3 |
| b | BC |
| c | LIBRO |
| d | 33724000164901 |
| e | LIBRO |
| f | c.7 |
| h | 34337 |
| i | 65197 |
| s | i |
| Estado de retiro | Estado de pérdida | Fuente del sistema de clasificación o colocación | Estado dañado | Restricciones de uso | No para préstamo | Código de colección | Localización permanente | Ubicación/localización actual | Ubicación en estantería | Fecha de adquisición | Información codificada de la localización en otra ubicación | Total de préstamos | Signatura topográfica completa | Código de barras | Fecha visto por última vez | Precio válido a partir de | Tipo de ítem Koha | Número de copia | Fecha del último préstamo |
|---|---|---|---|---|---|---|---|---|---|---|---|---|---|---|---|---|---|---|---|
| Dewey Decimal Classification | Préstamo 15 días | General | Biblioteca Central | Biblioteca Central | Planta principal - Colección General | 25/03/2015 | LIBRO | 631.522 M3 | 33724000087649 | 31/12/2019 | 31/12/2019 | Libro | |||||||
| Dewey Decimal Classification | Préstamo 15 días | General | Biblioteca Central | Biblioteca Central | Planta principal - Colección General | 31/12/2019 | LIBRO | 631.522 M3 | 33724000087656 | 31/12/2019 | 31/12/2019 | Libro | c.2 | ||||||
| Dewey Decimal Classification | Préstamo 15 días | General | Biblioteca Central | Biblioteca Central | Planta principal - Colección General | 31/12/2019 | LIBRO | 631.522 M3 | 33724000087664 | 31/12/2019 | 31/12/2019 | Libro | c.3 | ||||||
| Dewey Decimal Classification | Préstamo 15 días | General | Biblioteca Central | Biblioteca Central | Planta principal - Colección General | 31/12/2019 | LIBRO | 631.522 M3 | 33724000087672 | 31/12/2019 | 31/12/2019 | Libro | c.5 | ||||||
| Dewey Decimal Classification | Préstamo 15 días | General | Biblioteca Central | Biblioteca Central | Planta principal - Colección General | 31/12/2019 | LIBRO | 1 | 631.522 M3 | 33724000087680 | 13/12/2022 | 31/12/2019 | Libro | c.6 | 29/11/2022 | ||||
| Dewey Decimal Classification | Préstamo 15 días | General | Biblioteca Central | Biblioteca Central | Planta principal - Colección General | 31/12/2019 | LIBRO | 631.522 M3 | 33724000087698 | 31/12/2019 | 31/12/2019 | Libro | c.10 | ||||||
| Dewey Decimal Classification | Préstamo 15 días | General | Biblioteca Central | Biblioteca Central | Planta principal - Colección General | 31/12/2019 | LIBRO | 631.522 M3 | 33724000087706 | 31/12/2019 | 31/12/2019 | Libro | c.11 | ||||||
| Dewey Decimal Classification | Préstamo 15 días | General | Biblioteca Central | Biblioteca Central | Planta principal - Colección General | 31/12/2019 | LIBRO | 631.522 M3 | 33724000087714 | 31/12/2019 | 31/12/2019 | Libro | c.12 | ||||||
| Dewey Decimal Classification | Préstamo 15 días | General | Biblioteca Central | Biblioteca Central | Planta principal - Colección General | 31/12/2019 | LIBRO | 631.522 M3 | 33724000087722 | 31/12/2019 | 31/12/2019 | Libro | c.15 | ||||||
| Dewey Decimal Classification | Préstamo 15 días | General | Biblioteca Central | Biblioteca Central | Planta principal - Colección General | 31/12/2019 | LIBRO | 631.522 M3 | 33724000087847 | 31/12/2019 | 31/12/2019 | Libro | c.16 | ||||||
| Dewey Decimal Classification | Préstamo 15 días | General | Biblioteca Central | Biblioteca Central | Planta principal - Colección General | 31/12/2019 | LIBRO | 631.522 M3 | 33724000164901 | 31/12/2019 | 31/12/2019 | Libro | c.7 | ||||||
| Préstamo interno | Publicaciones UACh | Biblioteca Central | Biblioteca Central | Planta alta - Área de Tesis - UACh | 31/12/2019 | LIBRO | 631.522 M3 | 33724002472777 | 31/12/2019 | 31/12/2019 | Libro | c.13 |
